Principles and Practices of Highway Engineering: (Record no. 11402)

MARC details
000 -LEADER
fixed length control field 00561nam a22001697a 4500
008 - FIXED-LENGTH DATA ELEMENTS--GENERAL INFORMATION
fixed length control field 090423t xxu||||| |||| 00| 0 eng d
020 ## - INTERNATIONAL STANDARD BOOK NUMBER
International Standard Book Number 8174091653
082 ## - DEWEY DECIMAL CLASSIFICATION NUMBER
Edition number 22
Classification number 625.7
Item number KAD
100 ## - MAIN ENTRY--PERSONAL NAME
9 (RLIN) 4143
Personal name Kadiyali, L. R.
245 ## - TITLE STATEMENT
Title Principles and Practices of Highway Engineering:
Remainder of title (Including expressways and airport engineering)/
Statement of responsibility, etc L. R. Kadiyali & N. B. Lal
250 ## - EDITION STATEMENT
Edition statement 5th ed.
260 ## - PUBLICATION, DISTRIBUTION, ETC. (IMPRINT)
Place of publication, distribution, etc New Delhi:
Name of publisher, distributor, etc Khanna Publishers,
Date of publication, distribution, etc 2008
300 ## - PHYSICAL DESCRIPTION
Extent 845p.:
Other physical details ill.;
Dimensions 24 cm.
650 ## - SUBJECT ADDED ENTRY--TOPICAL TERM
9 (RLIN) 4092
Topical term or geographic name as entry element Highway engineering
700 ## - ADDED ENTRY--PERSONAL NAME
9 (RLIN) 4142
Personal name Lal, N. B.
942 ## - ADDED ENTRY ELEMENTS (KOHA)
Source of classification or shelving scheme Dewey Decimal Classification
Item type Book - Borrowing
Holdings
Withdrawn status Item status Source of classification or shelving scheme Damaged status Not for loan Vendor Home library Current library Shelving location Date acquired Source of acquisition Cost, normal purchase price Serial Enumeration / chronology Total Checkouts Total Renewals Full call number Barcode Date last seen Date last borrowed Koha item type
    Dewey Decimal Classification     Alahram Central Library Central Library First floor 23/04/2009   96.50 371 2 53 625.7 KAD 000015983 15/07/2025 13/10/2016 Book - Borrowing